Les fugues d'Olympia (Registo nº 202850)

Detalhes MARC
000 -Etiqueta do registo
Valores 00606nam 22001933 4500
010 ## - Número ISBN
ISBN 2-85956-783-6
100 ## - Dados gerais de processamento
Dados gerais 20260703d u||y0pory50 ba
200 ## - Titulo e menção de responsabilidade
Título próprio Les fugues d'Olympia
Informação de outro título Vénus Khoury-Ghata
210 ## - Publicação
Local de publicação Paris
Nome do editor Ramsay
Data de publicação cop.1989
215 ## - Descrição física 
Paginação / Volumes 226, [5] p.
Outras indicações físicas brochado
Dimensões 22 cm
300 ## - Notas gerais 
Texto da nota Contém dedicatória na folha de guarda
606 ## - Nome comum usado como assunto
ID Autoridade 9395
Palavra de ordem Literatura Libanesa
Subdivisão assunto Em Língua Francesa
675 ## - CDU
Notação 821.133.1(569.3)-1
Edição FR
Língua fre
700 ## - Autor principal (pessoa individual)
ID Autoridade 17699
Apelido Khoury-Ghata
Nome Vénus
Datas 1937-2026
801 ## - Fonte de origem
País PT
Agência BMMN
Regras de catalogação RPC
830 ## - Notas gerais do catalogador
Criado por Ana Falardo
Indexado por Ana Falardo
990 ## - Elementos KOHA
Tipo de documento Livro
Exemplares
Situação do levantamento Biblioteca de origem Código de barras Cota Permissão de empréstimo Tipo de documento Nota relativa ao exemplar Forma de aquisição
  Biblioteca Municipal de Montemor-o-Novo 32372 821.133.1(569.3)-1 KHO|SAF   Livro Acesso Condicionado Oferta

Powered by Koha